-ough Vocabulary Words - Statistics

General Stats
  • This quiz has been taken 1,671 times
    1,513 since last reset
  • The average score is 11 of 18
Answer Stats
Hint Answer % Correct
Money (slang) Dough
93%
Sufficient Enough
90%
Coarse or uneven Rough
89%
Capable of great endurance Tough
84%
In one end and out the other Through
80%
In spite of Though
76%
Expel air suddenly from the lungs Cough
75%
Administrative division of New York City Borough
72%
Branch of a tree Bough
71%
Accurate and detailed Thorough
71%
Agricultural cutting implement Plough
69%
Channel for conveying water Trough
66%
Temporary layoff from work Furlough
44%
Area of soft, muddy ground Slough
31%
Sighing or murmuring sound Sough
21%
Significant or sudden development Breakthrough
19%
Narrow arm of the sea Lough
19%
Minor setback or interruption Hiccough
10%
No matching quizzes found
Score Distribution
Percent of People with Each Score
Percentile by Number Answered
Your Score History
You have not taken this quiz since the last reset